| 000 | 00542nam a2200181 4500 | ||
|---|---|---|---|
| 001 | 118132 | ||
| 003 | ES-MaACL | ||
| 007 | t| | ||
| 008 | 070214s1929 fr r ||||1| fre d | ||
| 100 | 1 |
_aPerrin, Jean. _991361 |
|
| 245 | 1 | 4 |
_aLes eléments de la physique / _cpar Jean Perrin. |
| 260 |
_aParis : _bDupont, _c1929. |
||
| 300 |
_a528 p. ; _c19 cm. |
||
| 490 | 1 | _aBibliothèque de education par la science | |
| 830 | 0 |
_aBibliothèque de education par la science _9233377 |
|
| 852 |
_aES-MaACL _jB-9502 _bR.18363 |
||
| 999 |
_c118132 _d118132 |
||